000 00633nam a2200193 4500
001 132365
003 ES-MaACL
005 20240531062944.0
007 t|
008 070214s1958 sp r ||||1| eng d
100 1 _aRomero Pérez, Luis,
_d1916-2009
_999338
245 1 0 _aCosta Brava /
_ctext: Luis Romero ; photography: F. Catalá Roca ; translation: Anthony Kerrigan.
260 _aBarcelona :
_bCid,
_c1958.
300 _a211 p., 9 lám. :
_bil. ;
_c27 cm.
700 1 _aCatalà-Roca, Francesc.
_937014
700 1 _aKerrigan, Anthony.
_967934
852 _aES-MaACL
_jC-18359
_bR.45254
999 _c132365
_d132365